Energia ľudského srdca Nad novým románom Petra Jaroša

Bibliographic Details
Main Authors: Šabík, Vincent, 1937- (Author), Jaroš, Peter, 1940- (Author)
Format: Article
Language:Slovak
Subjects:

MARC

LEADER 00000nab a2200000 a 4500
001 vtls000322446
003 SK-MaSNL
005 20260303163820.0
008 160215c1988 xo 0 slo
015 |a SNBRB19rr/mm-uuuuu 
035 |a CL0322568 
040 |a SNKBUCL  |b slo  |c SNKBUCL  |e AACR2 
041 0 |a slo 
044 |a xo  |c SK 
080 |a 82.09:885.4-3(048)  |2 1981 
080 |a 885.4-3(048)  |2 1981 
100 1 |a Šabík, Vincent,  |d 1937-  |4 aut  |9 101798 
245 1 0 |a Energia ľudského srdca  |b Nad novým románom Petra Jaroša  |c Vincent Šabík 
650 0 7 |a romány spoločenské  |2 snkbucl  |9 402806 
650 0 7 |a romány psychologické  |2 snkbucl  |9 653970 
655 7 |a články z novín a časopisov  |2 snkbucl  |9 267496 
655 7 |a články z odboru literárna veda a krásna literatúra  |2 snkbucl  |9 770045 
700 1 |a Jaroš, Peter,  |d 1940-  |4 aut  |9 221581 
773 0 |t Nové slovo  |g Roč. 30, č. 19 (1988) 
787 0 8 |i Rec.:  |a Jaroš, Peter  |t Lásky hmat  |d Bratislava : Slovenský spisovateľ, 1988 
850 |a Slovenská národná knižnica v Martine  |a MTA001 
852 |a SNK  |b KIS3GCP 
958 |a BX 
958 |a RK 
958 |a LX 
992 |a RBX 
999 |c 2061521  |d 2063451